Countries With the Best Football Players (2018) - Statistics

General Stats
  • This quiz has been taken 396 times
  • The average score is 13 of 18
Answer Stats
Players Points Country % Correct
Kylian Mbappé (97), Antoine Griezmann (95), N'Golo Kanté (91), Raphaël Varane (89), Paul Pogba (85), Samuel Umtiti (66), Hugo Lloris (61), Karim Benzema (53), Blaise Matuidi (48), Lucas Hernández (32), Benjamin Pavard (30), Nabil Fékir (6) & Olivier Giroud (4) 757 France
99%
Lionel Messi (98), Sergio Agüero (86), Paulo Dybala (75), Mauro Icardi (69), Gonzalo Higuaín (11) & Gonzalo Martínez (7) 346 Argentina
98%
Neymar (90), Marcelo (83), Roberto Firmino (78), Philippe Coutinho (76), Casemiro (59), Alisson (58), Ederson (42), Fernandinho (38), Thiago Silva (27), Gabriel Jesus (20) & Willian (10) 581 Brazil
97%
Harry Kane (92), Raheem Sterling (70), Dele Alli (56), Jordan Pickford (36), Kieran Trippier (29), Harry Maguire (22), Kyle Walker (21), James Milner (19) & John Stones (15) 360 England
95%
Sergio Ramos (84), David Silva (81), Isco (73), David De Gea (62), Sergio Busquets (51), Saúl Ñíguez (40), Marco Asensio (39), Jordi Alba (37), Marcos Alonso (24), Gerard Piqué (18) & Diego Costa (13) 522 Spain
95%
Toni Kroos (79), Marc-André ter Stegen (57), Marco Reus (54), Leroy Sané (44), Joshua Kimmich (34) & Mesut Özil (2) 270 Germany
93%
Cristiano Ronaldo (99) & Bernardo Silva (33) 132 Portugal
92%
Giorgio Chiellini (52), Jorginho (49), Lorenzo Insigne (43), Gianluigi Buffon (41), Ciro Immobile (28) & Leonardo Bonucci (25) 238 Italy
90%
Eden Hazard (94), Kevin De Bruyne (93), Thibaut Courtois (64), Romelu Lukaku (60), Dries Mertens (55), Thomas Meunier (26) & Axel Witsel (5) 397 Belgium
88%
Virgil van Dijk (77), Memphis Depay (17), Matthijs de Ligt (12) & Frenkie de Jong (9) 115 Netherlands
85%
Luis Suárez (87), Edinson Cavani (80), Diego Godín (67), Lucas Torreira (8) & José Giménez (1) 243 Uruguay
74%
Luka Modric (100), Ivan Rakitic (88), Ivan Perisic (72), Mario Mandzukic (68) & Ante Rebic (16) 344 Croatia
73%
Robert Lewandowski (71) 71 Poland
65%
Christian Eriksen (65) 65 Denmark
55%
Mohamed Salah (96) 96 Egypt
51%
Sadio Mané (82) & Kalidou Koulibaly (45) 127 Senegal
48%
Miralem Pjanic (50) & Edin Dzeko (47) 97 Bosnia and Herzegovina
19%
Jan Oblak (74) 74 Slovenia
19%
No matching quizzes found
Score Distribution
Percent of People with Each Score
Percentile by Number Answered
Your Score History
You have not taken this quiz